000
00314nam a2200121Ia 4500
008
220120s9999||||xx |||||||||||||| ||und||
082
_a
004.22 HAM
100
_a
Hamacher, Carl and others
245
0
_a
Computer organization
260
_a
Tata mcgraw hill company Ltd
_c
2000
300
_b
0
650
_a
ELECTRONICS
999
_c
136984
_d
136984